<?xml version="1.0" encoding="UTF-8"?>
<record
    xmlns:xsi="http://www.w3.org/2001/XMLSchema-instance"
    xsi:schemaLocation="http://www.loc.gov/MARC21/slim http://www.loc.gov/standards/marcxml/schema/MARC21slim.xsd"
    xmlns="http://www.loc.gov/MARC21/slim">

  <leader>00466nam a2200169   4500</leader>
  <controlfield tag="003">SEACOMEC</controlfield>
  <controlfield tag="005">20240522152901.0</controlfield>
  <controlfield tag="008">240522b        |||||||| |||| 00| 0 eng d</controlfield>
  <datafield tag="020" ind1=" " ind2=" ">
    <subfield code="a"> 0195684516</subfield>
    <subfield code="c">Rs.305.00</subfield>
  </datafield>
  <datafield tag="040" ind1=" " ind2=" ">
    <subfield code="a">SEACOMEC</subfield>
  </datafield>
  <datafield tag="082" ind1=" " ind2=" ">
    <subfield code="a">621.3191</subfield>
    <subfield code="b">N152</subfield>
  </datafield>
  <datafield tag="100" ind1=" " ind2=" ">
    <subfield code="a">Nagsarkar, T. K.</subfield>
  </datafield>
  <datafield tag="245" ind1="1" ind2=" ">
    <subfield code="a">Power system analysis</subfield>
    <subfield code="c">T. K. Nagsarka and M. S Sukhija</subfield>
  </datafield>
  <datafield tag="260" ind1=" " ind2=" ">
    <subfield code="a"> New Delhi</subfield>
    <subfield code="b"> Oxford University Press</subfield>
    <subfield code="c"> 2007.</subfield>
  </datafield>
  <datafield tag="650" ind1=" " ind2=" ">
    <subfield code="a">Power System</subfield>
  </datafield>
  <datafield tag="942" ind1=" " ind2=" ">
    <subfield code="c">BOOK</subfield>
  </datafield>
  <datafield tag="952" ind1=" " ind2=" ">
    <subfield code="0">0</subfield>
    <subfield code="1">0</subfield>
    <subfield code="2">ddc</subfield>
    <subfield code="4">0</subfield>
    <subfield code="7">0</subfield>
    <subfield code="a">SEACOMEC</subfield>
    <subfield code="b">SEACOMEC</subfield>
    <subfield code="d">2008-01-18</subfield>
    <subfield code="l">0</subfield>
    <subfield code="o">621.3191 N152</subfield>
    <subfield code="p">9122</subfield>
    <subfield code="r">2024-05-22 15:29:26</subfield>
    <subfield code="w">2024-05-22</subfield>
    <subfield code="y">BOOK</subfield>
  </datafield>
  <datafield tag="952" ind1=" " ind2=" ">
    <subfield code="0">0</subfield>
    <subfield code="1">0</subfield>
    <subfield code="2">ddc</subfield>
    <subfield code="4">0</subfield>
    <subfield code="7">0</subfield>
    <subfield code="a">SEACOMEC</subfield>
    <subfield code="b">SEACOMEC</subfield>
    <subfield code="d">2008-01-18</subfield>
    <subfield code="l">0</subfield>
    <subfield code="o">621.3191 N152</subfield>
    <subfield code="p">9123</subfield>
    <subfield code="r">2024-05-22 15:29:51</subfield>
    <subfield code="t">1</subfield>
    <subfield code="w">2024-05-22</subfield>
    <subfield code="y">BOOK</subfield>
  </datafield>
  <datafield tag="952" ind1=" " ind2=" ">
    <subfield code="0">0</subfield>
    <subfield code="1">0</subfield>
    <subfield code="2">ddc</subfield>
    <subfield code="4">0</subfield>
    <subfield code="7">0</subfield>
    <subfield code="a">SEACOMEC</subfield>
    <subfield code="b">SEACOMEC</subfield>
    <subfield code="d">2008-07-26</subfield>
    <subfield code="l">0</subfield>
    <subfield code="o">621.3191 N152</subfield>
    <subfield code="p">12173</subfield>
    <subfield code="r">2025-01-20 13:12:58</subfield>
    <subfield code="t">2</subfield>
    <subfield code="w">2025-01-20</subfield>
    <subfield code="y">BOOK</subfield>
  </datafield>
  <datafield tag="952" ind1=" " ind2=" ">
    <subfield code="0">0</subfield>
    <subfield code="1">0</subfield>
    <subfield code="2">ddc</subfield>
    <subfield code="4">0</subfield>
    <subfield code="7">0</subfield>
    <subfield code="a">SEACOMEC</subfield>
    <subfield code="b">SEACOMEC</subfield>
    <subfield code="d">2008-07-26</subfield>
    <subfield code="l">0</subfield>
    <subfield code="o">621.3191 N152</subfield>
    <subfield code="p">12174</subfield>
    <subfield code="r">2025-01-20 13:12:58</subfield>
    <subfield code="t">3</subfield>
    <subfield code="w">2025-01-20</subfield>
    <subfield code="y">BOOK</subfield>
  </datafield>
  <datafield tag="952" ind1=" " ind2=" ">
    <subfield code="0">0</subfield>
    <subfield code="1">0</subfield>
    <subfield code="2">ddc</subfield>
    <subfield code="4">0</subfield>
    <subfield code="7">0</subfield>
    <subfield code="a">SEACOMEC</subfield>
    <subfield code="b">SEACOMEC</subfield>
    <subfield code="d">2008-07-26</subfield>
    <subfield code="l">0</subfield>
    <subfield code="o">621.3191 N152</subfield>
    <subfield code="p">12175</subfield>
    <subfield code="r">2025-01-20 13:12:58</subfield>
    <subfield code="t">4</subfield>
    <subfield code="w">2025-01-20</subfield>
    <subfield code="y">BOOK</subfield>
  </datafield>
  <datafield tag="952" ind1=" " ind2=" ">
    <subfield code="0">0</subfield>
    <subfield code="1">0</subfield>
    <subfield code="2">ddc</subfield>
    <subfield code="4">0</subfield>
    <subfield code="7">0</subfield>
    <subfield code="a">SEACOMEC</subfield>
    <subfield code="b">SEACOMEC</subfield>
    <subfield code="d">2008-07-26</subfield>
    <subfield code="l">0</subfield>
    <subfield code="o">621.3191 N152</subfield>
    <subfield code="p">12176</subfield>
    <subfield code="r">2025-01-20 13:12:58</subfield>
    <subfield code="t">5</subfield>
    <subfield code="w">2025-01-20</subfield>
    <subfield code="y">BOOK</subfield>
  </datafield>
  <datafield tag="999" ind1=" " ind2=" ">
    <subfield code="c">1177</subfield>
    <subfield code="d">1177</subfield>
  </datafield>
</record>
